ՀՀ Գիտությունների ազգային ակադեմիայի հիմնարար գիտական գրադարան  =   Fundamental Scientific Library of NAS RA

Гидрогеология : (Record no. 258488)

MARC details
000 -LEADER
fixed length control field 01325nam a2200325 u 4500
001 - CONTROL NUMBER
control field 000697482
003 - CONTROL NUMBER IDENTIFIER
control field AM-YeHGA
005 - DATE AND TIME OF LATEST TRANSACTION
control field 20250617142452.0
008 - FIXED-LENGTH DATA ELEMENTS--GENERAL INFORMATION
fixed length control field 091113s1970 ||||||||||||||||||||rus|c
040 ## - CATALOGING SOURCE
Original cataloging agency AM-YeHGA
041 1# - LANGUAGE CODE
Language code of text/sound track or separate title rus
Language code of original eng
090 ## - LOCALLY ASSIGNED LC-TYPE CALL NUMBER (OCLC); LOCAL CALL NUMBER (RLIN)
-- 260095
100 1# - MAIN ENTRY--PERSONAL NAME
Personal name Дэвис, С.
245 10 - TITLE STATEMENT
Title Гидрогеология :
Remainder of title Перев. с англ. /
Statement of responsibility, etc. С. Дэвис, Р. де Уист ; Пер. с англ. В.А. Иванова ; Под ред. В.Н. Кунина, И.С. Зекцера.
246 15 - VARYING FORM OF TITLE
Title proper/short title Hydrogeology
Remainder of title Stanley N. Davis, Roger J.M. De Wiest
260 ## - PUBLICATION, DISTRIBUTION, ETC.
Place of publication, distribution, etc. Москва :
Name of publisher, distributor, etc. Мир,
Date of publication, distribution, etc. 1970.
300 ## - PHYSICAL DESCRIPTION
Extent Т.
440 #0 - SERIES STATEMENT/ADDED ENTRY--TITLE
Title Науки о земле : Фундаментальные труды зарубежных ученых по геологии, геофизике и геохимии
500 ## - GENERAL NOTE
General note Прилож. : с. 248-250
500 ## - GENERAL NOTE
General note Предм. указ. : с. 251-252
504 ## - BIBLIOGRAPHY, ETC. NOTE
Bibliography, etc. note Лит. в конц. глав.
505 10 - FORMATTED CONTENTS NOTE
Miscellaneous information Т. 2 (1970., 256 с., рис.,табл., 27 см.)
650 14 - SUBJECT ADDED ENTRY--TOPICAL TERM
Topical term or geographic name entry element Гидрогеология
650 14 - SUBJECT ADDED ENTRY--TOPICAL TERM
Topical term or geographic name entry element Геофизика
650 14 - SUBJECT ADDED ENTRY--TOPICAL TERM
Topical term or geographic name entry element Геохимия
700 1# - ADDED ENTRY--PERSONAL NAME
Personal name Де Уист, Р.
700 1# - ADDED ENTRY--PERSONAL NAME
Personal name Иванов, В.А.
Relator term пер.
Relationship trl
700 1# - ADDED ENTRY--PERSONAL NAME
Personal name Кунин, В.Н.
Relator term ред.
Relationship edt
700 1# - ADDED ENTRY--PERSONAL NAME
Personal name Зекцер, И.С.
Relator term ред.
Relationship edt
Holdings
Withdrawn status Lost status Damaged status Not for loan Collection Home library Current library Date acquired Serial enumeration / chronology Total checkouts Full call number Barcode Date last seen Price effective from Koha item type Public note
        General Fundamental Scientific Library Fundamental Scientific Library 29/12/2016 Т. 2   PIII/31068 FL0366034 29/12/2016 29/12/2016 Գրքեր / Books 30 Days Loan
        General Fundamental Scientific Library Fundamental Scientific Library 29/12/2016 Т. 2   PIII/31366 FL0366147 29/12/2016 29/12/2016 Գրքեր / Books 30 Days Loan
        General Fundamental Scientific Library Fundamental Scientific Library 29/12/2016 Т. 2   PIII/31367 FL0366146 29/12/2016 29/12/2016 Գրքեր / Books 30 Days Loan


ՀՀ ԳԱԱ հիմնարար գիտական գրադարան
ՀՀ,Երևան 0019
Մարշալ Բաղրամյան 24/6
հեռախոս:(374-10) 52-47-50
Հետադարձ կապ

All site content, except where otherwise noted, is licensed under a
Creative Commons License